000 00594nam a2200241Ia 4500
003 OSt
005 20220918212256.0
006 a|||||r|||| 00| 0
007 ta
008 220917b |||||||| |||| 00| 0 eng d
024 _a128,170
037 _cTextual
040 _aARTS
_cARTS
_beng
041 _2eng
_aeng
082 _aX.2.M4, H7
100 _aMuranjan S K
_9123249
245 0 _aEconomics of the cabibet delegations proposals
250 _a2nd
260 _c1947
650 _aECONOMICS
942 _hX.2.M4, H7
_cTEXL
_2CC
999 _c251308
_d251308